003730000a2200121000450024500490000065000250004965000220007465000260009665100130012204100140013510000290014977300730017810aNueva mirada a la reforma agraria colombiana14aEconomía ambiental14aSector agrícola14aTenencia de la tierra 4pColombia0 aEspañol1 aRamírez Vallejo, Jorge1 tPlaneación y Desarrollo: Economía Ambiental3924q426-461d1990?